LEADER 01041cam a2200265 7i4500
001 0000026590
005 20110708090000.0
090 0 0 |a PHOT 381.1   |b MAL (CD) 
110 2 0 |a Malaysia External Trade Development Corporation (MATRADE) 
245 2 0 |a INTRADE Malaysia 2010 - Opening Ceremony by Y.B. Dato' Sri Mustapa Mohamed (9 - 11 November 2010, MATRADE Hall, Menara MATRADE : Kuala Lumpur). 
300 # # |a 194 photographs:   |b col.;   |c 1CD-RW. 
500 0 0 |a Photographs 
650 0 0 |a Mah Siew Keong, Dato'  
650 0 0 |a Noharuddin Nordin, Dato'  
650 0 0 |a Wong Lai Sum, Dr  
650 0 0 |a MATRADE --   |x Photograph collection --   |x 2010  
650 0 0 |a Mustapa Mohamed, Dato' Sri  
650 0 0 |a Mohamad Kamarudin Hassan, Dato'  
650 0 0 |a Jacob Dungau Sagan, Datuk  
650 0 0 |a Zainiah Nik Abdul Rahman, Dato' Nik  
650 0 0 |a Merlyn Kasimir, Datuk  
650 0 0 |a INTRADE Malaysia --   |x 2010  
650 0 0 |a Rebecca Fatima Sta Maria, Datuk Dr  
650 0 0 |a Susila Devi  
999 |a PC00000750  |b Photographs  |c Photographs  |e Business Information Centre